| 000 | 11569nas1a22007931i 4500 | ||
|---|---|---|---|
| 001 | RU\NLR\INFOCOMM21\5000044224 | ||
| 005 | 20240723110959.0 | ||
| 011 | _a0207-3857 | ||
| 035 | _a(NLR Aleph) 002394782 | ||
| 090 |
_a4641497 _c4641497 |
||
| 100 | _a20050120c1977 |||y0rusy50 ca | ||
| 101 | 0 | _arus | |
| 102 | _aRU | ||
| 110 | _aayuzz 0|y| | ||
| 200 | 1 |
_aФарфорово-фаянсовая промышленность _eОбзорная информ. _fЦНИИ информ. и техн. экон. исслед. лег. пром-сти |
|
| 210 |
_aМ. _d1977- |
||
| 300 | _aВ надзаг. также: М-во лег. пром-сти СССР | ||
| 430 | 0 |
_12001#$aПроизводство посуды из фарфора, фаянса и майолики _tПроизводство посуды из фарфора, фаянса и майолики |
|
| 430 | 0 |
_12001#$aПроизводство фарфоровой и фаянсовой посуды _tПроизводство фарфоровой и фаянсовой посуды |
|
| 430 | 0 |
_12001#$aОбзоры по основным направлениям развития отрасли$iСерия "Производство фарфоровой и фаянсовой посуды" _tОбзоры по основным направлениям развития отрасли |
|
| 801 | 1 |
_aRU _bInfoComm _c20050120 |
|
| 801 | 0 |
_aRU _bNLR _gPSBO |
|
| 852 |
_aNLR _jП10/5407 |
||
| 942 | _cJOURNAL | ||
| 980 | _aRUSPER | ||